| 000 | 00372nam a2200157 a 4500 | ||
|---|---|---|---|
| 008 | 190529s2008|||| d | ||
| 100 | 1 | _aCushnir R. Howard | |
| 245 | 1 | 0 | _aŠtestí bez podmínek |
| 250 | _a1. vydanie | ||
| 020 |
_a9788081000621 _c0 |
||
| 041 | _acez | ||
| 044 |
_axo _cSK |
||
| 958 | _aA | ||
| 260 |
_bEugenika _aBratislava _c2008 |
||
| 300 | _a197 s. | ||
| 999 |
_c20762 _d20762 |
||